000
00285 a2200145 4500
001
59381
020
_a
851200892X
040
_c
Anchieta - Pituba
240
1
0
_a
Brasil 500 anos
_l
por
245
1
0
_a
Brasil 500 anos
300
_a
63
362
0
_a
2000
650
4
_a
Brasil
942
_c
BK
999
_c
59381
_d
59381